Intermediate physics (Record no. 1332421)

MARC details
000 -LEADER
fixed length control field 00595nam a2200217Ia 4500
005 - DATE AND TIME OF LATEST TRANSACTION
control field 20250508151833.0
008 - FIXED-LENGTH DATA ELEMENTS--GENERAL INFORMATION
fixed length control field 008 250505s9999 xx 000 0 eng d
037 ## - SOURCE OF ACQUISITION
Stock number Books to be hide in OPAC
040 ## - CATALOGING SOURCE
Original cataloging agency FEDL
Language of cataloging eng
Transcribing agency FEDL
041 ## - LANGUAGE CODE
Language code of text/sound track or separate title eng
Source of code eng
084 ## - COLON CLASSIFICATION NUMBER
Classification number 530.76, MAT/O
Assigning agency FEDL
100 ## - MAIN ENTRY--PERSONAL NAME
Personal name Mathur D S
9 (RLIN) 262791
245 #0 - TITLE STATEMENT
Title Intermediate physics
250 ## - EDITION STATEMENT
Edition statement 2
260 ## - PUBLICATION, DISTRIBUTION, ETC.
Place of publication, distribution, etc. Delhi, India
Name of publisher, distributor, etc. Premier Publishing Co.
Date of publication, distribution, etc. 1956
300 ## - PHYSICAL DESCRIPTION
Extent 670p
365 ## - TRADE PRICE
Price type code INR
Price amount 7.8
490 ## - SERIES STATEMENT
Series statement Our Refresher Course Series
942 ## - ADDED ENTRY ELEMENTS (KOHA)
Koha item type Books to be hide in OPAC
Classification part 530.76, MAT/O
Holdings
Withdrawn status Lost status Damaged status Not for loan Home library Current library Date acquired Cost, normal purchase price Total Checkouts Full call number Barcode Date last seen Price effective from Koha item type
        Department of Education Library Department of Education Library 2025-05-08 7.80   530.76, MAT/O EL0013575 2025-05-08 2025-05-08 Books to be hide in OPAC
Copyright @ Delhi University Library System